<?xml version="1.0" encoding="UTF-8"?>
<record
    xmlns:xsi="http://www.w3.org/2001/XMLSchema-instance"
    xsi:schemaLocation="http://www.loc.gov/MARC21/slim http://www.loc.gov/standards/marcxml/schema/MARC21slim.xsd"
    xmlns="http://www.loc.gov/MARC21/slim">

  <leader>00368nam a22001577a 4500</leader>
  <controlfield tag="003">SGT</controlfield>
  <datafield tag="020" ind1=" " ind2=" ">
    <subfield code="a">978-81-85731-63-6</subfield>
  </datafield>
  <datafield tag="082" ind1=" " ind2=" ">
    <subfield code="a">615.190</subfield>
    <subfield code="b">P16S</subfield>
  </datafield>
  <datafield tag="100" ind1=" " ind2=" ">
    <subfield code="a">SUBRAHMANYAM, C.V.S</subfield>
  </datafield>
  <datafield tag="245" ind1=" " ind2=" ">
    <subfield code="a">PHARMACEUTICAL ENGINEERING -1</subfield>
  </datafield>
  <datafield tag="250" ind1=" " ind2=" ">
    <subfield code="a">2ND</subfield>
  </datafield>
  <datafield tag="260" ind1=" " ind2=" ">
    <subfield code="a">DELHI</subfield>
    <subfield code="b">VALLABH. PUB</subfield>
    <subfield code="c">2016</subfield>
  </datafield>
  <datafield tag="300" ind1=" " ind2=" ">
    <subfield code="a">376</subfield>
  </datafield>
  <datafield tag="650" ind1=" " ind2=" ">
    <subfield code="a">PHARMACEUTICAL ENGINEERING</subfield>
  </datafield>
  <datafield tag="942" ind1=" " ind2=" ">
    <subfield code="2">ddc</subfield>
    <subfield code="c">BK</subfield>
    <subfield code="0">45</subfield>
  </datafield>
  <datafield tag="952" ind1=" " ind2=" ">
    <subfield code="0">0</subfield>
    <subfield code="1">0</subfield>
    <subfield code="2">ddc</subfield>
    <subfield code="4">0</subfield>
    <subfield code="7">0</subfield>
    <subfield code="8">FP</subfield>
    <subfield code="a">APL</subfield>
    <subfield code="b">APL</subfield>
    <subfield code="c">TXT</subfield>
    <subfield code="d">2016-07-23</subfield>
    <subfield code="g">210.00</subfield>
    <subfield code="i">SGTU</subfield>
    <subfield code="l">46</subfield>
    <subfield code="o">615.190 P16S</subfield>
    <subfield code="p">FP1836</subfield>
    <subfield code="r">2023-08-17 00:00:00</subfield>
    <subfield code="s">2023-08-17</subfield>
    <subfield code="w">2016-07-15</subfield>
    <subfield code="y">BK</subfield>
    <subfield code="k">156</subfield>
  </datafield>
  <datafield tag="952" ind1=" " ind2=" ">
    <subfield code="0">0</subfield>
    <subfield code="1">0</subfield>
    <subfield code="2">ddc</subfield>
    <subfield code="4">0</subfield>
    <subfield code="7">0</subfield>
    <subfield code="8">FP</subfield>
    <subfield code="a">APL</subfield>
    <subfield code="b">APL</subfield>
    <subfield code="c">TXT</subfield>
    <subfield code="d">2016-07-23</subfield>
    <subfield code="g">210.00</subfield>
    <subfield code="i">SGTU</subfield>
    <subfield code="l">50</subfield>
    <subfield code="o">615.190 P16S</subfield>
    <subfield code="p">FP1837</subfield>
    <subfield code="r">2025-01-17 00:00:00</subfield>
    <subfield code="s">2025-01-09</subfield>
    <subfield code="w">2016-07-15</subfield>
    <subfield code="y">BK</subfield>
    <subfield code="k">156</subfield>
  </datafield>
  <datafield tag="952" ind1=" " ind2=" ">
    <subfield code="0">0</subfield>
    <subfield code="1">0</subfield>
    <subfield code="2">ddc</subfield>
    <subfield code="4">0</subfield>
    <subfield code="7">0</subfield>
    <subfield code="8">FP</subfield>
    <subfield code="a">APL</subfield>
    <subfield code="b">APL</subfield>
    <subfield code="c">TXT</subfield>
    <subfield code="d">2016-07-23</subfield>
    <subfield code="g">210.00</subfield>
    <subfield code="i">SGTU</subfield>
    <subfield code="l">41</subfield>
    <subfield code="o">615.190 P16S</subfield>
    <subfield code="p">FP1838</subfield>
    <subfield code="r">2025-09-23 00:00:00</subfield>
    <subfield code="s">2022-12-26</subfield>
    <subfield code="w">2016-07-15</subfield>
    <subfield code="y">BK</subfield>
    <subfield code="k">156</subfield>
  </datafield>
  <datafield tag="952" ind1=" " ind2=" ">
    <subfield code="0">0</subfield>
    <subfield code="1">2</subfield>
    <subfield code="2">ddc</subfield>
    <subfield code="4">0</subfield>
    <subfield code="7">0</subfield>
    <subfield code="8">FP</subfield>
    <subfield code="a">APL</subfield>
    <subfield code="b">APL</subfield>
    <subfield code="c">TXT</subfield>
    <subfield code="d">2016-07-23</subfield>
    <subfield code="g">210.00</subfield>
    <subfield code="i">SGTU</subfield>
    <subfield code="l">9</subfield>
    <subfield code="o">615.190 P16S</subfield>
    <subfield code="p">FP1839</subfield>
    <subfield code="q">2017-02-11</subfield>
    <subfield code="r">2017-02-04 00:00:00</subfield>
    <subfield code="s">2017-02-04</subfield>
    <subfield code="w">2016-07-15</subfield>
    <subfield code="y">BK</subfield>
    <subfield code="k">156</subfield>
  </datafield>
  <datafield tag="952" ind1=" " ind2=" ">
    <subfield code="0">0</subfield>
    <subfield code="1">0</subfield>
    <subfield code="2">ddc</subfield>
    <subfield code="4">0</subfield>
    <subfield code="7">0</subfield>
    <subfield code="8">FP</subfield>
    <subfield code="a">APL</subfield>
    <subfield code="b">APL</subfield>
    <subfield code="c">TXT</subfield>
    <subfield code="d">2016-07-23</subfield>
    <subfield code="g">210.00</subfield>
    <subfield code="i">SGTU</subfield>
    <subfield code="l">42</subfield>
    <subfield code="o">615.190 P16S</subfield>
    <subfield code="p">FP1840</subfield>
    <subfield code="r">2025-07-07 00:00:00</subfield>
    <subfield code="s">2024-08-09</subfield>
    <subfield code="w">2016-07-15</subfield>
    <subfield code="y">BK</subfield>
    <subfield code="k">156</subfield>
  </datafield>
  <datafield tag="952" ind1=" " ind2=" ">
    <subfield code="0">0</subfield>
    <subfield code="1">0</subfield>
    <subfield code="2">ddc</subfield>
    <subfield code="4">0</subfield>
    <subfield code="7">0</subfield>
    <subfield code="8">FP</subfield>
    <subfield code="a">APL</subfield>
    <subfield code="b">APL</subfield>
    <subfield code="c">TXT</subfield>
    <subfield code="d">2016-07-23</subfield>
    <subfield code="g">210.00</subfield>
    <subfield code="i">SGTU</subfield>
    <subfield code="l">46</subfield>
    <subfield code="o">615.190 P16S</subfield>
    <subfield code="p">FP1841</subfield>
    <subfield code="r">2024-08-23 00:00:00</subfield>
    <subfield code="s">2024-08-09</subfield>
    <subfield code="w">2016-07-15</subfield>
    <subfield code="y">BK</subfield>
    <subfield code="k">156</subfield>
  </datafield>
  <datafield tag="952" ind1=" " ind2=" ">
    <subfield code="0">0</subfield>
    <subfield code="1">0</subfield>
    <subfield code="2">ddc</subfield>
    <subfield code="4">0</subfield>
    <subfield code="7">0</subfield>
    <subfield code="8">FP</subfield>
    <subfield code="a">APL</subfield>
    <subfield code="b">APL</subfield>
    <subfield code="c">TXT</subfield>
    <subfield code="d">2016-07-23</subfield>
    <subfield code="g">210.00</subfield>
    <subfield code="i">SGTU</subfield>
    <subfield code="l">62</subfield>
    <subfield code="o">615.190 P16S</subfield>
    <subfield code="p">FP1842</subfield>
    <subfield code="r">2023-11-01 00:00:00</subfield>
    <subfield code="s">2023-10-18</subfield>
    <subfield code="w">2016-07-15</subfield>
    <subfield code="y">BK</subfield>
    <subfield code="k">156</subfield>
  </datafield>
  <datafield tag="952" ind1=" " ind2=" ">
    <subfield code="0">0</subfield>
    <subfield code="1">0</subfield>
    <subfield code="2">ddc</subfield>
    <subfield code="4">0</subfield>
    <subfield code="7">0</subfield>
    <subfield code="8">FP</subfield>
    <subfield code="a">APL</subfield>
    <subfield code="b">APL</subfield>
    <subfield code="c">TXT</subfield>
    <subfield code="d">2016-07-23</subfield>
    <subfield code="g">210.00</subfield>
    <subfield code="i">SGTU</subfield>
    <subfield code="l">57</subfield>
    <subfield code="m">1</subfield>
    <subfield code="o">615.190 P16S</subfield>
    <subfield code="p">FP1843</subfield>
    <subfield code="r">2025-01-07 00:00:00</subfield>
    <subfield code="s">2024-12-24</subfield>
    <subfield code="w">2016-07-15</subfield>
    <subfield code="y">BK</subfield>
    <subfield code="k">156</subfield>
  </datafield>
  <datafield tag="952" ind1=" " ind2=" ">
    <subfield code="0">0</subfield>
    <subfield code="1">0</subfield>
    <subfield code="2">ddc</subfield>
    <subfield code="4">0</subfield>
    <subfield code="7">0</subfield>
    <subfield code="8">FP</subfield>
    <subfield code="a">APL</subfield>
    <subfield code="b">APL</subfield>
    <subfield code="c">TXT</subfield>
    <subfield code="d">2016-07-23</subfield>
    <subfield code="g">210.00</subfield>
    <subfield code="i">SGTU</subfield>
    <subfield code="l">44</subfield>
    <subfield code="m">1</subfield>
    <subfield code="o">615.190 P16S</subfield>
    <subfield code="p">FP1844</subfield>
    <subfield code="r">2021-01-14 00:00:00</subfield>
    <subfield code="s">2021-01-14</subfield>
    <subfield code="w">2016-07-15</subfield>
    <subfield code="y">BK</subfield>
    <subfield code="k">156</subfield>
  </datafield>
  <datafield tag="952" ind1=" " ind2=" ">
    <subfield code="0">0</subfield>
    <subfield code="1">0</subfield>
    <subfield code="2">ddc</subfield>
    <subfield code="4">0</subfield>
    <subfield code="7">0</subfield>
    <subfield code="8">FP</subfield>
    <subfield code="a">APL</subfield>
    <subfield code="b">APL</subfield>
    <subfield code="c">TXT</subfield>
    <subfield code="d">2016-07-23</subfield>
    <subfield code="g">210.00</subfield>
    <subfield code="i">SGTU</subfield>
    <subfield code="l">42</subfield>
    <subfield code="o">615.190 P16S</subfield>
    <subfield code="p">FP1845</subfield>
    <subfield code="r">2024-09-20 00:00:00</subfield>
    <subfield code="s">2024-09-18</subfield>
    <subfield code="w">2016-07-15</subfield>
    <subfield code="y">BK</subfield>
    <subfield code="k">156</subfield>
  </datafield>
  <datafield tag="999" ind1=" " ind2=" ">
    <subfield code="c">9606</subfield>
    <subfield code="d">9606</subfield>
  </datafield>
</record>
